000 00585nam a2200205Ia 4500
003 OSt
005 20230427105549.0
008 210423s2007 xx 000 0 und d
020 _a9780521703178
040 _cAL
041 _aeng
082 _a820.8008 MARC
_223
100 _aMARLAND (Linda),Ed
_993797
245 _aVictorian literature: a collection of fiction and non fiction
260 _aNew Delhi
_bCambridge University Press
_c2007
300 _aviii,264
_bPB
365 _b295
_cINR
906 _acollection ; fiction ; literature: ; non ; Victorian
942 _2ddc
_cBK
999 _c161782
_d161782